Primera contribución al conocimiento de las maderas de la Guinea continental española / (Record no. 65938)
[ view plain ]
| 000 -LEADER | |
|---|---|
| campo de control de longitud fija | 01188nam a2200265 i 4500 |
| 001 - NÚMERO DE CONTROL | |
| campo de control | 65938 |
| 003 - IDENTIFICADOR DE NÚMERO DE CONTROL | |
| campo de control | ES-MaACL |
| 005 - FECHA Y HORA DE LA ÚLTIMA TRANSACCIÓN | |
| campo de control | 20230906165516.0 |
| 007 - CAMPO FIJO DE DESCRIPCIÓN FÍSICA--INFORMACIÓN GENERAL | |
| campo de control de longitud fija | t| |
| 008 - DATOS DE LONGITUD FIJA--INFORMACIÓN GENERAL | |
| campo de control de longitud fija | 040123s1947 sp ||||1| spa d |
| 100 1# - ENTRADA PRINCIPAL--NOMBRE DE PERSONA | |
| Nombre de persona | Fuster Riera, Pedro. |
| 9 (RLIN) | 53091 |
| 245 10 - MENCIÓN DEL TÍTULO | |
| Título | Primera contribución al conocimiento de las maderas de la Guinea continental española / |
| Mención de responsabilidad, etc. | por Pedro Fuster Riera [y Luciana González Martín]. |
| 260 ## - PUBLICACIÓN, DISTRIBUCIÓN, ETC. | |
| Lugar de publicación, distribución, etc. | Madrid : |
| Nombre del editor, distribuidor, etc. | Instituto de Estudios Africanos de la Dirección General de Marruecos y Colonias, |
| Fecha de publicación, distribución, etc. | 1947 ( |
| Fabricante | Industrias Gráf.) |
| 300 ## - DESCRIPCIÓN FÍSICA | |
| Extensión | 250 p., 28 p. : |
| Otras características físicas | il. ; |
| Dimensiones | 24 cm. |
| 490 1# - MENCIÓN DE SERIE | |
| Mención de serie | Estudios sistemáticos de las maderas de la Guinea española |
| 504 ## - NOTA DE BIBLIOGRAFÍA, ETC. | |
| Nota de bibliografía, etc. | Bibliografía: p. 245. |
| 594 ## - Nota al título y mención de responsabilidad | |
| Nota al título y mención de responsabilidad | Precede al tít.: Servicio Forestal de los Territorios Españoles del Golfo de Guinea. |
| 650 #4 - PUNTO DE ACCESO ADICIONAL DE MATERIA--TÉRMINO DE MATERIA | |
| Término de materia o nombre geográfico como elemento de entrada | Madera- |
| Subdivisión geográfica | Guinea Ecuatorial. |
| 9 (RLIN) | 172148 |
| 700 1# - ENTRADA AGREGADA--NOMBRE PERSONAL | |
| Nombre de persona | González Martín, Luciana. |
| 9 (RLIN) | 172147 |
| 710 2# - ENTRADA AGREGADA--NOMBRE DE ENTIDAD CORPORATIVA | |
| Nombre de entidad corporativa o nombre de jurisdicción como elemento de entrada | Instituto de Estudios Africanos. |
| 9 (RLIN) | 4881 |
| 710 1# - ENTRADA AGREGADA--NOMBRE DE ENTIDAD CORPORATIVA | |
| Nombre de entidad corporativa o nombre de jurisdicción como elemento de entrada | España. |
| Unidad subordinada | Dirección General de Marruecos y Colonias. |
| 9 (RLIN) | 3752 |
| 830 1# - PUNTO DE ACCESO ADICIONAL DE SERIE-TÍTULO UNIFORME | |
| Título uniforme | Estudios sistemáticos de las maderas de la Guinea española |
| 9 (RLIN) | 230775 |
| 852 ## - LOCALIZACIÓN | |
| Ubicación | ES-MaACL |
| Número de control de estantería | C-5312 |
| Estatus retirado | Estado de pérdida | Estado de daño | No para préstamo | Biblioteca de origen | Biblioteca actual | Ubicación en estantería | Fecha de adquisición | Fuente de adquisición | Total de préstamos | Signatura topográfica completa | Código de barras | Visto por última vez | Precio de reemplazo | Tipo de ítem Koha |
|---|---|---|---|---|---|---|---|---|---|---|---|---|---|---|
| Biblioteca del Ateneo de Madrid | Biblioteca del Ateneo de Madrid | Sala Palomar | 17/01/2008 | C-5312 | 1069077 | 23/02/2023 | 23/02/2023 | Libro impreso |
